000 00414nam a2200157Ia 4500
008 230718s9999 xx 000 0 und d
041 _aeng
082 _a620.1
_bMER
100 _aMeriam J.L.
245 _aEngineering Mechanics Dynamics
250 _a4th ed.
260 _c1998
_bJohn Wiley & Sons
365 _cRs.
_b431.00
700 _aMeriam J.L. & Karige L.G.
906 _dB:82510-Jan-2002
_cALLEDS
_b68.96
999 _c302871
_d302871